000 00729nam a2200241 i 4500
001 147224
003 ES-MaACL
005 20240229063322.0
007 t|
008 070924s1966 sp |||| | cat d
080 _a335(46)(091)
100 0 _aTuñón de Lara, Manuel,
_d1915-1997
_9111681
245 1 0 _aIntroducció a la historia del moviment obrer /
_cManuel Tuñón de Lara.
250 _a1ª ed.
260 _aBarcelona :
_bNova Terra,
_c1966.
300 _a369 p. ;
_c17 cm.
490 1 _aSintesí ;
_v21
586 8 _aPremi Nova Terra 1965
650 1 4 _aMovimiento obrero-
_zEspaña-
_vHistoria.
_915214
830 1 _aSintesí ;
_v21
_9181167
852 _aES-MaACL
_jC-30600
999 _c147224
_d147224